[Event "2nd League CS-West 2009"]
[Site "?"]
[Date "2009.10.09"]
[Round "8.1"]
[White "Radibratovic, Predrag"]
[Black "Ilic, Zoran B"]
[Result "1-0"]
[WhiteElo "2349"]
[BlackElo "2204"]
[PlyCount "73"]
[EventDate "2009.09.06"]

1. d4 Nf6 2. Bg5 c5 3. Bxf6 gxf6 4. c3 Qb6 5. Qc2 d5 6. e3 Nc6 7. Nd2 e5 8.
dxc5 Bxc5 9. Qb3 Be6 10. Qxb6 Bxb6 11. Ngf3 O-O-O 12. g3 d4 13. cxd4 exd4 14.
e4 d3 15. Rc1 Kb8 16. Rc3 f5 17. e5 f6 18. exf6 Rhe8 19. Kd1 Bxf2 20. Rxd3 Bd5
21. Kc2 Be4 22. Nxe4 fxe4 23. Rxd8+ Rxd8 24. Ng5 Nd4+ 25. Kc1 e3 26. Ne4 Be1
27. Bc4 Ba5 28. b4 Bc7 29. Re1 b5 30. Bd3 Be5 31. Ng5 Kc7 32. Bxb5 Bd6 33. Bd3
Bc5 34. bxc5 Rf8 35. Rxe3 Rxf6 36. Kd2 Kc6 37. Bxh7 1-0

[Event "2nd League CS-West 2009"]
[Site "?"]
[Date "2009.10.09"]
[Round "8.1"]
[White "Djuric, Zoran"]
[Black "Pavlovic, Dejan S"]
[Result "0-1"]
[WhiteElo "2219"]
[BlackElo "2416"]
[PlyCount "118"]
[EventDate "2009.09.06"]

1. e4 c5 2. c3 d5 3. exd5 Qxd5 4. d4 Nf6 5. Nf3 Bg4 6. Be2 e6 7. h3 Bh5 8. O-O
Be7 9. dxc5 Qxd1 10. Rxd1 Bxc5 11. Bg5 Nc6 12. Nbd2 Be7 13. Nc4 Nd5 14. Bxe7
Kxe7 15. Nd4 Bxe2 16. Nxe2 b5 17. Na3 b4 18. Nb1 a5 19. a3 Ne5 20. axb4 axb4
21. Rxa8 Rxa8 22. cxb4 Nxb4 23. Nbc3 Ned3 24. Rb1 e5 25. b3 Ke6 26. Na4 Ra6 27.
Nc1 Rc6 28. Nxd3 Nxd3 29. b4 Rc4 30. Nb6 Rxb4 31. Rxb4 Nxb4 32. Kf1 f5 33. g3
Nd5 34. Nc4 g5 35. f3 h5 36. Kf2 h4 37. Nd2 Nf6 38. g4 Nd5 39. Kg2 Nf4+ 40. Kh2
Nd3 41. Kg2 Nc5 42. Kf2 f4 43. Kf1 Kd5 44. Ke2 Kd4 45. Nb1 e4 46. fxe4 Nxe4 47.
Na3 Nc3+ 48. Kf2 Kd3 49. Kf3 Ne2 50. Nb1 Nd4+ 51. Kf2 Nb5 52. Ke1 Ke3 53. Nd2
Nd6 54. Nf1+ Kf3 55. Nd2+ Kg2 56. Ke2 Nf7 57. Nc4 f3+ 58. Ke3 f2 59. Nd2 f1=Q
0-1

[Event "2nd League CS-West 2009"]
[Site "?"]
[Date "2009.10.09"]
[Round "8.1"]
[White "Cubrakovic, Velibor"]
[Black "Rikalovic, Milan"]
[Result "1-0"]
[WhiteElo "2230"]
[BlackElo "2058"]
[PlyCount "123"]
[EventDate "2009.09.06"]

1. e4 e6 2. d4 d5 3. Bd3 dxe4 4. Bxe4 Nf6 5. Bf3 c6 6. Ne2 Be7 7. O-O O-O 8. b3
Nbd7 9. Bb2 Qc7 10. Ng3 Rd8 11. Qe2 b6 12. c4 Bb7 13. Nc3 Nf8 14. Rad1 Ng6 15.
Rfe1 Rd7 16. Nge4 Rad8 17. g3 e5 18. Nxf6+ Bxf6 19. d5 cxd5 20. Bxd5 Bc8 21. h4
h6 22. h5 Ne7 23. Nb5 Qb8 24. Bxe5 Bxe5 25. Qxe5 Qxe5 26. Rxe5 Kf8 27. Nc3 Bb7
28. Bxb7 Rxd1+ 29. Nxd1 Rxd1+ 30. Kg2 Rd2 31. a4 f6 32. Rb5 Rd7 33. Bf3 Nc8 34.
a5 Nd6 35. Rd5 Ke7 36. c5 bxc5 37. Rxc5 Nf7 38. b4 Ne5 39. b5 Rd3 40. Be4 Rd4
41. f3 Kd6 42. Rc8 Rd2+ 43. Kf1 Rb2 44. Rb8 Nc4 45. a6 Kc5 46. Rb7 Kd4 47. Rd7+
Kc5 48. Rxa7 Nd2+ 49. Ke1 Nxe4 50. fxe4 Rxb5 51. Rxg7 Ra5 52. a7 Kd4 53. Kd2
Ra2+ 54. Kc1 Kxe4 55. Kb1 Ra6 56. Kb2 Kd5 57. Kc3 Kc5 58. Rf7 Ra3+ 59. Kb2 Ra6
60. Rxf6 Rxa7 61. Rxh6 Kd5 62. g4 1-0

[Event "2nd League CS-West 2009"]
[Site "?"]
[Date "2009.10.09"]
[Round "8.2"]
[White "Colovic, Dusan"]
[Black "Stojanovic, Dobrisav"]
[Result "1-0"]
[WhiteElo "2380"]
[BlackElo "2331"]
[PlyCount "126"]
[EventDate "2009.09.06"]

1. d4 d5 2. Nc3 Nf6 3. Bf4 c5 4. e3 cxd4 5. exd4 e6 6. Nb5 Na6 7. Bd3 Be7 8.
Nf3 O-O 9. O-O Nb4 10. Bc7 Qe8 11. Bg3 Nxd3 12. Qxd3 b6 13. Nc7 Qa4 14. Nxa8
Ba6 15. Qb3 Qc6 16. Nc7 Bc4 17. Qe3 Bxf1 18. Rxf1 Ne4 19. Na6 Qa4 20. Qe2 Qxa2
21. Qb5 Rc8 22. c3 Bf8 23. Bf4 h6 24. Nd2 Nf6 25. f3 Nh5 26. Be3 Bd6 27. g3 Nf6
28. Rb1 Rc4 29. Kf2 Rc8 30. Ke2 g5 31. g4 Kg7 32. h3 Re8 33. Kd3 Kg6 34. Kc2
Rc8 35. Nb4 Bxb4 36. Qxb4 Qa6 37. Re1 Qb7 38. Qb5 Qc7 39. Qf1 a5 40. f4 a4 41.
fxg5 hxg5 42. Qd3+ Kg7 43. Bxg5 Nh7 44. Bh4 b5 45. Qxb5 a3 46. Qc5 Qb8 47. Qxa3
Qh2 48. Re3 Qf4 49. Re2 Qh6 50. Be7 Rc7 51. g5 Qh5 52. Bf6+ Kg8 53. Qa8+ Nf8
54. Be5 Rd7 55. Qb8 Qh7+ 56. Kd1 f5 57. gxf6 Kf7 58. Rg2 Ng6 59. b4 Qh5+ 60.
Kc1 Qh6 61. b5 Qf8 62. Qxf8+ Nxf8 63. b6 Ke8 1-0

[Event "2nd League CS-West 2009"]
[Site "?"]
[Date "2009.10.09"]
[Round "8.2"]
[White "Smailovic, Ramiz"]
[Black "Vasic, Vladimir"]
[Result "0-1"]
[WhiteElo "2149"]
[BlackElo "2180"]
[PlyCount "118"]
[EventDate "2009.09.06"]

1. d4 d5 2. c4 dxc4 3. Nc3 e5 4. e3 exd4 5. exd4 Nf6 6. Bxc4 Be7 7. Nf3 O-O 8.
O-O Nbd7 9. Bf4 Nb6 10. Be2 Nbd5 11. Bg3 c6 12. Ne5 Be6 13. Qd2 Nxc3 14. bxc3
Ne4 15. Qb2 Nxg3 16. hxg3 Qc7 17. Rfd1 Rad8 18. Rab1 b6 19. Rd2 c5 20. Bf3 Bg5
21. Re2 Rd6 22. Be4 Rfd8 23. Rd1 Bf6 24. Red2 cxd4 25. cxd4 Bd5 26. Bxd5 Rxd5
27. Nf3 Rc8 28. Qb1 g6 29. Qe4 Qd7 30. Qf4 Rf5 31. Qe4 Ra5 32. Qf4 Kg7 33. g4
Qd5 34. Re1 h6 35. Qe4 Qxe4 36. Rxe4 Rd8 37. Re3 Rdd5 38. Red3 Ra4 39. Kf1 Kf8
40. Ke2 Rda5 41. Ke3 Rxa2 42. d5 Ke7 43. Rd1 R2a3 44. d6+ Kd7 45. Nd2 Rxd3+ 46.
Kxd3 Rd5+ 47. Kc2 Rxd6 48. f4 Rd4 49. Rf1 a5 50. g3 a4 51. g5 hxg5 52. fxg5
Bxg5 53. Nf3 Rd5 54. Kc3 Bf6+ 55. Kc4 Kc6 56. Ne1 b5+ 57. Kb4 Be7+ 58. Ka5 Bd8+
59. Kb4 Rd1 0-1

[Event "2nd League CS-West 2009"]
[Site "?"]
[Date "2009.10.09"]
[Round "8.2"]
[White "Djokovic, Nebojsa"]
[Black "Zecevic, Igor"]
[Result "1-0"]
[WhiteElo "2162"]
[BlackElo "1862"]
[PlyCount "129"]
[EventDate "2009.09.06"]

1. e4 c5 2. Nc3 Nc6 3. g3 g6 4. Bg2 Bg7 5. Nge2 d6 6. O-O e6 7. d3 Nge7 8. Be3
O-O 9. d4 cxd4 10. Nxd4 Nxd4 11. Bxd4 Nc6 12. Bxg7 Kxg7 13. Qd2 Qb6 14. Rab1
Rd8 15. Ne2 e5 16. c4 Be6 17. b3 Rac8 18. Kh1 Qa5 19. Qb2 b5 20. f4 f6 21. f5
Bg8 22. g4 g5 23. Ng3 Bf7 24. cxb5 Qxb5 25. Qa3 a5 26. Rbc1 Qb4 27. Qb2 Nd4 28.
Qf2 a4 29. bxa4 Qxa4 30. Rxc8 Rxc8 31. Qb2 Rc2 32. Qb7 Qc6 33. Nh5+ Kf8 34.
Qxc6 Nxc6 35. Nxf6 h6 36. a4 Ra2 37. Rc1 Rxa4 38. h4 Ra6 39. hxg5 Kg7 40. Nd5
hxg5 41. Bf1 Ra4 42. Rxc6 Rxe4 43. Rxd6 Bxd5 44. Rxd5 Rxg4 45. Rxe5 Rf4 46. Bd3
Rd4 47. Be4 Rd6 48. Kg2 Kf6 49. Re8 Kf7 50. Rc8 Rd4 51. Kf3 g4+ 52. Ke3 Rb4 53.
Rc6 g3 54. Rg6 Rb3+ 55. Kf4 Rb4 56. Rxg3 Rb2 57. Rc3 Rb6 58. Rc7+ Kf6 59. Rc6+
Rxc6 60. Bxc6 Kf7 61. Kg5 Kg7 62. f6+ Kh8 63. Bd5 Kh7 64. Kf5 Kh8 65. Ke6 1-0

[Event "2nd League CS-West 2009"]
[Site "?"]
[Date "2009.10.09"]
[Round "8.2"]
[White "Vuckovic, Danilo"]
[Black "Mijanovic, Dragan"]
[Result "0-1"]
[WhiteElo "1653"]
[BlackElo "2096"]
[PlyCount "76"]
[EventDate "2009.09.06"]

1. d4 d5 2. c4 c6 3. Nf3 Nf6 4. Bf4 g6 5. e3 Bg7 6. Nc3 O-O 7. h3 dxc4 8. Bxc4
Nd5 9. Be5 Be6 10. Bxg7 Nxc3 11. bxc3 Bxc4 12. Bxf8 Kxf8 13. Ne5 Ba6 14. Qb3 e6
15. Qb4+ Kg7 16. c4 f6 17. Nf3 Nd7 18. O-O Rc8 19. Rfd1 Qe8 20. Qb3 c5 21. Rac1
g5 22. Qd3 h5 23. d5 e5 24. Qf5 Rd8 25. e4 Nf8 26. Nd2 b6 27. Qf3 Bc8 28. Nf1
g4 29. hxg4 hxg4 30. Qg3 Qh5 31. Nh2 Ng6 32. Rd2 Qg5 33. Rcc2 Rh8 34. f3 Qe3+
35. Kf1 Ba6 36. Re2 Qd4 37. Ke1 Bxc4 38. Red2 Qg1+ 0-1

[Event "2nd League CS-West 2009"]
[Site "?"]
[Date "2009.10.09"]
[Round "8.2"]
[White "Jelisavcic, Srdjan"]
[Black "Vasilic, Mihailo"]
[Result "0-1"]
[WhiteElo "2127"]
[BlackElo "2033"]
[PlyCount "74"]
[EventDate "2009.09.06"]

1. e4 e6 2. d4 d5 3. e5 c5 4. c3 Nc6 5. Nf3 Qb6 6. Bd3 Bd7 7. dxc5 Bxc5 8. Qe2
a5 9. O-O h6 10. Bf4 a4 11. Nbd2 g5 12. Bg3 Qxb2 13. Rab1 Qxc3 14. Rfc1 Qa3 15.
Bb5 Nge7 16. h3 Nf5 17. Bh2 b6 18. Nf1 Rc8 19. Ng3 Nxg3 20. Bxg3 Nb4 21. Bxd7+
Kxd7 22. Qb5+ Nc6 23. Ne1 Ke7 24. Qa6 Rc7 25. Nd3 Ra7 26. Nxc5 Rxa6 27. Nxa6
Rc8 28. Nb8 Rxb8 29. Rxc6 b5 30. Rc7+ Kf8 31. Rbc1 Qxa2 32. Ra7 Kg8 33. Rcc7
Qb1+ 34. Kh2 Qf5 35. f4 b4 36. fxg5 hxg5 37. Rxa4 b3 0-1

[Event "2nd League CS-West 2009"]
[Site "?"]
[Date "2009.10.09"]
[Round "8.3"]
[White "Grubisic, Ilija"]
[Black "Raicevic, Momcilo"]
[Result "1-0"]
[WhiteElo "2291"]
[BlackElo "2362"]
[PlyCount "91"]
[EventDate "2009.09.06"]

1. c4 e5 2. Nc3 Nc6 3. Nf3 f5 4. d4 e4 5. Ng5 Nf6 6. Nh3 Be7 7. e3 O-O 8. Nf4
Bd6 9. g3 Bxf4 10. gxf4 Ne7 11. d5 d6 12. Be2 c6 13. Qb3 cxd5 14. cxd5 b6 15.
Nb5 Kh8 16. Qa3 Nexd5 17. Nxd6 Be6 18. Bd2 a6 19. Nc4 b5 20. Ne5 Qb6 21. b4 Qd6
22. Qb2 Rac8 23. a4 Rb8 24. axb5 axb5 25. h4 Nd7 26. Nxd7 Qxd7 27. h5 h6 28.
Rg1 Rf6 29. Qe5 Re8 30. Ra5 Qf7 31. Rxb5 Rc8 32. Rb8 Qe8 33. Rb7 Bf7 34. Qxe8+
Rxe8 35. Bc4 Rd8 36. Bxd5 Bxd5 37. Rbxg7 Rc8 38. R7g6 Rxg6 39. Rxg6 Bf7 40.
Rxh6+ Kg7 41. Rd6 Bxh5 42. b5 Kf7 43. b6 Rc5 44. Rd4 Rc8 45. b7 Rg8 46. Ba5 1-0

[Event "2nd League CS-West 2009"]
[Site "?"]
[Date "2009.10.09"]
[Round "8.3"]
[White "Jovanovic, Nenad R"]
[Black "Milosevic, Zoran"]
[Result "1-0"]
[WhiteElo "2324"]
[BlackElo "2302"]
[PlyCount "167"]
[EventDate "2009.09.06"]

1. Nf3 d5 2. b3 Bg4 3. Bb2 Nd7 4. e3 c6 5. h3 Bxf3 6. Qxf3 Ngf6 7. d4 e6 8. Bd3
Bd6 9. Nd2 Qa5 10. Qe2 Ba3 11. Bxa3 Qxa3 12. f4 a5 13. O-O O-O 14. c3 Qe7 15.
Nf3 Ne4 16. Bxe4 dxe4 17. Ne5 f5 18. Nxd7 Qxd7 19. c4 Rfd8 20. c5 Qd5 21. Rfc1
Ra7 22. Rc4 Rda8 23. Ra4 Qd7 24. Rc1 h6 25. Kh2 Kh7 26. Rg1 Rg8 27. g4 g6 28.
g5 h5 29. Rc1 Rga8 30. Rcc4 Kg8 31. Kg2 Kf8 32. Kf2 Ke8 33. Qc2 Kd8 34. Ra3 Kc8
35. Rca4 h4 36. Qc4 Kb8 37. Kg2 Qh7 38. Qe2 Qh8 39. Kf2 Ra6 40. Ke1 Kc7 41. Kd2
Kb8 42. Kc2 Kc7 43. Qe1 Qh5 44. Qd1 Qh8 45. Qe2 Kb8 46. Kb2 Kc7 47. Rc4 R6a7
48. Raa4 Ra6 49. Rc2 R6a7 50. Qc4 Qe8 51. Ka1 Kd7 52. Rb2 Qh8 53. Qe2 Kc7 54.
b4 axb4 55. Raxb4 Rb8 56. Qc4 Kd7 57. Qe2 Kc7 58. Qd1 Ra3 59. Qb1 Qc8 60. Qe1
Qh8 61. Rxb7+ Rxb7 62. Rxb7+ Kxb7 63. Qb4+ Kc7 64. Qxa3 Qh5 65. Qa7+ Kc8 66.
Qa6+ Kc7 67. Qb6+ Kd7 68. Qb7+ Kd8 69. Qb8+ Kd7 70. Qd6+ Ke8 71. Qxc6+ Ke7 72.
Qd6+ Kf7 73. Qd7+ Kf8 74. Qd8+ Kg7 75. Qf6+ Kh7 76. Qf7+ Kh8 77. Qf8+ Kh7 78.
Qh6+ Qxh6 79. gxh6 g5 80. c6 gxf4 81. c7 fxe3 82. c8=Q Kxh6 83. Qxe6+ Kg5 84.
Qc4 1-0

[Event "2nd League CS-West 2009"]
[Site "?"]
[Date "2009.10.09"]
[Round "8.3"]
[White "Bojanic, Bratislav"]
[Black "Lukic, Dragan M"]
[Result "1/2-1/2"]
[WhiteElo "2241"]
[BlackElo "2258"]
[PlyCount "63"]
[EventDate "2009.09.06"]

1. e4 Nf6 2. e5 Nd5 3. d4 d6 4. Nf3 dxe5 5. dxe5 Bg4 6. Be2 Nc6 7. h3 Bxf3 8.
Bxf3 e6 9. O-O Be7 10. Re1 O-O 11. c3 Bg5 12. Na3 Bxc1 13. Qxc1 Nde7 14. Bxc6
Nxc6 15. Qf4 Qe7 16. Nc2 Qc5 17. Re3 Rad8 18. b4 Qd5 19. Ne1 Ne7 20. h4 Qd2 21.
Rf3 Ng6 22. Qe4 Rd5 23. Nd3 Rfd8 24. h5 Rxd3 25. hxg6 hxg6 26. Rxd3 Rxd3 27.
Qxb7 Qxc3 28. Rf1 Rd4 29. Qa8+ Kh7 30. g3 Rxb4 31. Qh1+ Kg8 32. Qa8+ 1/2-1/2

[Event "2nd League CS-West 2009"]
[Site "?"]
[Date "2009.10.09"]
[Round "8.3"]
[White "Palosevic, Abidin"]
[Black "Drcelic, Sreten"]
[Result "0-1"]
[WhiteElo "2203"]
[BlackElo "2223"]
[PlyCount "80"]
[EventDate "2009.09.06"]

1. d4 d6 2. Nf3 c6 3. c4 Nd7 4. Nc3 e5 5. e4 Ngf6 6. Be2 Be7 7. O-O O-O 8. Qc2
Qc7 9. h3 Re8 10. Be3 g6 11. Rad1 Bf8 12. b3 Bg7 13. Rfe1 b6 14. b4 Bb7 15. c5
bxc5 16. bxc5 dxc5 17. dxe5 Nxe5 18. Bxc5 Qa5 19. Bd4 Nxf3+ 20. Bxf3 c5 21. Be3
Ng4 22. Bd2 Ne5 23. Be2 Nc6 24. Nb5 Qb6 25. Bc4 Nd4 26. Nxd4 Bxd4 27. Rb1 Qc7
28. Rxb7 Qxb7 29. Bd5 Qc8 30. Bxa8 Qxa8 31. Kf1 Qc6 32. Qd3 Qe6 33. a4 Rb8 34.
Rb1 Rxb1+ 35. Qxb1 Qc4+ 36. Kg1 Qxa4 37. Qb8+ Kg7 38. Qf4 Qa1+ 39. Bc1 Bb2 40.
Qh6+ Kg8 0-1

[Event "2nd League CS-West 2009"]
[Site "?"]
[Date "2009.10.09"]
[Round "8.3"]
[White "Sredojevic, Srdjan"]
[Black "Nesic, Dragisa"]
[Result "1-0"]
[WhiteElo "2153"]
[BlackElo "2135"]
[PlyCount "111"]
[EventDate "2009.09.06"]

1. e4 c5 2. Nf3 Nc6 3. Bb5 e6 4. O-O Nge7 5. Re1 a6 6. Bf1 d5 7. d3 dxe4 8.
dxe4 Qxd1 9. Rxd1 Ng6 10. c3 Be7 11. a4 O-O 12. Na3 Na5 13. Be3 e5 14. Nc4 Nxc4
15. Bxc4 Bg4 16. Rd2 Rad8 17. Rad1 Rxd2 18. Rxd2 Bc8 19. h4 Bg4 20. Nh2 Bc8 21.
g3 Re8 22. Nf3 h5 23. Ng5 Nh8 24. Rd5 b6 25. Rxe5 Bd7 26. Bxa6 Bxa4 27. Bc4 g6
28. f3 Kg7 29. Rd5 f6 30. Ne6+ Kh7 31. Nc7 Rc8 32. Nb5 Rd8 33. Bf4 Nf7 34. Rxd8
Bxd8 35. Bxf7 Bxb5 36. c4 Ba4 37. Bd6 Kg7 38. Bd5 Bb3 39. Kf2 g5 40. hxg5 fxg5
41. f4 gxf4 42. gxf4 Bf6 43. e5 Bh4+ 44. Kg2 b5 45. Bxc5 Bxc4 46. Bxc4 bxc4 47.
Bf2 Bd8 48. Kf3 Ba5 49. Bd4 Kf7 50. Bc3 Bb6 51. f5 h4 52. Be1 Bd4 53. e6+ Ke8
54. Bc3 Bc5 55. Kg4 Bf2 56. f6 1-0

[Event "2nd League CS-West 2009"]
[Site "?"]
[Date "2009.10.09"]
[Round "8.5"]
[White "Zenunovic, Hafiz"]
[Black "Milanovic, Slavisa"]
[Result "0-1"]
[WhiteElo "2046"]
[BlackElo "2331"]
[PlyCount "48"]
[EventDate "2009.09.06"]

1. e4 e6 2. d4 d5 3. Nd2 Nc6 4. Ngf3 Nf6 5. exd5 exd5 6. Bb5 Bd6 7. O-O O-O 8.
Bxc6 bxc6 9. Ne5 c5 10. Nef3 cxd4 11. Nxd4 c5 12. N4f3 Qc7 13. h3 Re8 14. b3
Ba6 15. Re1 Rxe1+ 16. Qxe1 Re8 17. Qd1 Be2 18. Qe1 Bxf3 19. Qf1 Be2 20. Qe1 c4
21. bxc4 dxc4 22. Kh1 Bd3 23. Qd1 Bxc2 24. Qg1 Be5 0-1

[Event "2nd League CS-West 2009"]
[Site "?"]
[Date "2009.10.09"]
[Round "8.5"]
[White "Sandic, Vladeta"]
[Black "Rizovic, Sefcet"]
[Result "1-0"]
[WhiteElo "2338"]
[BlackElo "2012"]
[PlyCount "61"]
[EventDate "2009.09.06"]

1. d4 d5 2. c4 e6 3. Nc3 Nf6 4. cxd5 exd5 5. Bg5 Be7 6. e3 h6 7. Bh4 Nbd7 8.
Bd3 Nf8 9. Qc2 c6 10. Nf3 Be6 11. O-O N8d7 12. Rab1 O-O 13. b4 Rc8 14. Na4 Qc7
15. Nc5 b6 16. Bg3 Bd6 17. Na6 Bxg3 18. Nxc7 Bxc7 19. Ba6 Rcd8 20. Qxc6 Ne8 21.
Rfc1 Nb8 22. Qa4 Rd6 23. Bb5 Bd7 24. Bxd7 Nxd7 25. Qxa7 Bb8 26. Qb7 Nef6 27.
Rc8 Kh7 28. Ne5 b5 29. h4 Ba7 30. h5 Nb6 31. Qc7 1-0

[Event "2nd League CS-West 2009"]
[Site "?"]
[Date "2009.10.09"]
[Round "8.5"]
[White "Dragicevic, Dragan"]
[Black "Milosavljevic, Milisav"]
[Result "1/2-1/2"]
[WhiteElo "2199"]
[BlackElo "2196"]
[PlyCount "22"]
[EventDate "2009.09.06"]

1. d4 d5 2. c4 e6 3. Nc3 c5 4. cxd5 exd5 5. Nf3 Nc6 6. e3 Nf6 7. Be2 Ne4 8. O-O
cxd4 9. exd4 Be7 10. Qb3 Nxc3 11. bxc3 O-O 1/2-1/2

[Event "2nd League CS-West 2009"]
[Site "?"]
[Date "2009.10.09"]
[Round "8.5"]
[White "Vuckovic, Branko"]
[Black "Ristovic, Mileta"]
[Result "1-0"]
[WhiteElo "2213"]
[BlackElo "2103"]
[PlyCount "57"]
[EventDate "2009.09.06"]

1. e4 e6 2. d4 d5 3. e5 c5 4. c3 Nc6 5. Nf3 Qb6 6. Bd3 Bd7 7. O-O cxd4 8. cxd4
Rc8 9. Nc3 Nxd4 10. Nxd4 Qxd4 11. Nb5 Qxe5 12. Re1 Qb8 13. Qf3 a6 14. Bf4 Qa8
15. Nc7+ Rxc7 16. Bxc7 Nf6 17. Qf4 Be7 18. Bd6 Bc6 19. Rac1 Kd7 20. Be5 Qf8 21.
Qd4 Qa8 22. Rc3 Rc8 23. Rec1 Ke8 24. a4 h6 25. b4 Kf8 26. b5 axb5 27. axb5 Bd7
28. Rxc8+ Bxc8 29. Ra1 1-0

[Event "2nd League CS-West 2009"]
[Site "?"]
[Date "2009.10.09"]
[Round "8.6"]
[White "Mrsevic, Miroslav"]
[Black "Milosevic, Boban"]
[Result "1-0"]
[WhiteElo "2312"]
[BlackElo "2271"]
[PlyCount "112"]
[EventDate "2009.09.06"]

1. e4 e5 2. Nf3 Nc6 3. Bb5 Nf6 4. O-O Nxe4 5. d4 Nd6 6. Bxc6 dxc6 7. dxe5 Nf5
8. Qxd8+ Kxd8 9. Rd1+ Ke8 10. Nc3 Ne7 11. h3 Ng6 12. Ne2 Be7 13. b3 Bd7 14. Bb2
Rd8 15. Ng3 h5 16. Re1 h4 17. Ne4 Rh5 18. Nd6+ cxd6 19. exd6 Be6 20. dxe7 Kxe7
21. Re4 Kf8 22. c4 c5 23. Rae1 Bf5 24. R4e3 f6 25. Ba3 b6 26. b4 cxb4 27. Bxb4+
Kf7 28. Ra3 Rd7 29. Kh2 Be6 30. Re4 Rc7 31. Bd6 Rd7 32. Bb8 a5 33. Rb3 Rb7 34.
Bd6 b5 35. Rb2 b4 36. Rd4 Ne7 37. c5 Nc6 38. Rdd2 Rh8 39. Bf4 Rc8 40. Rd6 a4
41. a3 Ra7 42. Rd3 Bc4 43. Re3 b3 44. Nd2 Bd5 45. Rd3 Ke6 46. Nb1 Bc4 47. Rd6+
Kf5 48. Nd2 Bf7 49. g3 hxg3+ 50. fxg3 Kg6 51. g4 Re7 52. Nf3 Kh7 53. g5 Bh5 54.
gxf6 gxf6 55. Ng1 Na5 56. Rxf6 Rc6 1-0

[Event "2nd League CS-West 2009"]
[Site "?"]
[Date "2009.10.09"]
[Round "8.6"]
[White "Rancic, Zoran"]
[Black "Kahrovic, Mersid"]
[Result "1/2-1/2"]
[WhiteElo "2219"]
[BlackElo "2294"]
[PlyCount "99"]
[EventDate "2009.09.06"]

1. d4 Nf6 2. Nf3 d6 3. c4 Nc6 4. Nc3 g6 5. e4 Bg7 6. Be2 Bg4 7. Be3 Bxf3 8.
Bxf3 e5 9. d5 Ne7 10. Qd2 Nd7 11. g4 Nc8 12. h4 h6 13. O-O-O a5 14. Kb1 Nc5 15.
Nb5 Bf8 16. Qc3 Nb6 17. b3 Nbd7 18. Bg2 Rh7 19. h5 g5 20. Qc2 Na6 21. a3 Ndc5
22. Nc3 f6 23. Ne2 Rd7 24. Bd2 c6 25. Be3 Qc7 26. Rd2 Rdd8 27. Ng3 Rab8 28. Bf1
Qb6 29. Kb2 Na4+ 30. Ka2 N4c5 31. Qc3 Qc7 32. Be2 b5 33. cxb5 cxb5 34. Qb2 Qd7
35. Ra1 a4 36. b4 Nb3 37. Rc2 Nxa1 38. Kxa1 Rbc8 39. Nf5 Qb7 40. Qc1 Rxc2 41.
Qxc2 Kd7 42. Qd3 Rb8 43. Kb2 Nc7 44. Qd1 Ne8 45. Bd3 Nc7 46. Be2 Ke8 47. Qd3
Rc8 48. Kb1 Kf7 49. Kb2 Kg8 50. Kb1 1/2-1/2

[Event "2nd League CS-West 2009"]
[Site "?"]
[Date "2009.10.09"]
[Round "8.6"]
[White "Dumic, Marko"]
[Black "Avramovic, Zoran"]
[Result "1/2-1/2"]
[WhiteElo "2230"]
[BlackElo "2238"]
[PlyCount "31"]
[EventDate "2009.09.06"]

1. d4 d5 2. c4 e6 3. Nc3 f5 4. Nf3 c6 5. e3 Nf6 6. Ne5 Bd6 7. f4 O-O 8. Be2
Nbd7 9. c5 Bc7 10. O-O Nxe5 11. fxe5 Ne4 12. Nxe4 fxe4 13. b4 b6 14. Bd2 Bd7
15. Rxf8+ Qxf8 16. Qc2 1/2-1/2

[Event "2nd League CS-West 2009"]
[Site "?"]
[Date "2009.10.09"]
[Round "8.6"]
[White "Mircic, Ivan"]
[Black "Sadikovic, Samir"]
[Result "1/2-1/2"]
[WhiteElo "2242"]
[BlackElo "2201"]
[PlyCount "68"]
[EventDate "2009.09.06"]

1. Nf3 c5 2. c4 Nc6 3. g3 g6 4. Bg2 Bg7 5. O-O Nh6 6. Nc3 Nf5 7. a3 h5 8. h4 a6
9. d3 b6 10. Rb1 Bb7 11. Bd2 Ra7 12. b4 cxb4 13. axb4 Ncd4 14. e4 Nxf3+ 15.
Bxf3 Qa8 16. b5 a5 17. Na4 Bd4 18. Kg2 Ng7 19. Qe2 Ne6 20. Be3 Qd8 21. e5 Qc7
22. Bxb7 Rxb7 23. f4 Rb8 24. Qf2 Bxe3 25. Qxe3 Ng7 26. Rfc1 d6 27. exd6 Qxd6
28. Qe5 O-O 29. Qxd6 exd6 30. d4 Ne6 31. c5 dxc5 32. dxc5 bxc5 33. Nxc5 Nxc5
34. Rxc5 Rb6 1/2-1/2

[Event "2nd League CS-West 2009"]
[Site "?"]
[Date "2009.10.09"]
[Round "8.6"]
[White "Brajovic, Miroljub"]
[Black "Jocic, Miomir"]
[Result "0-1"]
[WhiteElo "2155"]
[BlackElo "1968"]
[PlyCount "62"]
[EventDate "2009.09.06"]

1. e4 c5 2. c3 Nf6 3. e5 Nd5 4. Nf3 e6 5. d4 cxd4 6. cxd4 d6 7. a3 Nc6 8. Bd3
Qc7 9. O-O dxe5 10. dxe5 Bd7 11. Re1 Be7 12. Be4 Nb6 13. Nc3 a6 14. Bd3 Rd8 15.
Bf4 h6 16. h4 Nd5 17. Nxd5 exd5 18. Rc1 Qb6 19. b4 Bg4 20. Bb1 a5 21. Qd3 axb4
22. e6 Bxe6 23. Rxe6 fxe6 24. Qg6+ Kd7 25. Rxc6 bxc6 26. Ne5+ Kc8 27. Qxe6+ Kb8
28. Qxe7 Ka8 29. Nd3 Rhe8 30. Qxg7 bxa3 31. Qa1 Re2 0-1